• 首页
  • 本馆介绍
  • 公告通知
  • 最新文献
  • 馆藏检索
  • 电子资源
  • 读者导购
  • 参考咨询
  • 我的图书馆
  • 登录
  • 详细信息显示
  • 放入我的书架
  • 预约/预借图书
  • 作者相关作品
  • 分类相关作品
  • 丛书相关作品
  • 出版社相关作品

书目信息

  • 表格格式
  • 工作单格式
  • 卡片格式
题名:
追问3+X
    
 
作者: 东方 , 岳龙 编著
分册:  
出版信息: 福州   福建教育出版社  2001
页数: 13,504页
开本: 21cm
丛书名: 教育新批评丛书
单 册:
中图分类: G647.32 , G40-01
科图分类:
主题词: 高等学校--入学考试--考试制度--教育改革--中国 , 教育学
电子资源:
ISBN: 7-5334-2994-X
000 00887oam2 2200289 450
001 1537766539
005 20150128135446.92
010    @a7-5334-2994-X@dCNY25.40
100    @a20011127d2001 em y0chiy0110 ea
101 0  @achi
102    @aCN@b350000
105    @ay z 000yy
200 1  @a追问3+X@9zhui wen 3+X@f东方,岳龙编著
205    @a2版
210    @a福州@c福建教育出版社@d2001
215    @a13,504页@d21cm
225 2  @a教育新批评丛书
330    @a本书主要介绍了面对“3+X”高考,学校、教师、学生、家长该做什么,怎样把握政策要求,命题原则,弄清利弊,作出正确选择等内容。
461  0 @12001 @a教育新批评丛书
606 0  @a高等学校@x入学考试@x考试制度@x教育改革@y中国
606 0  @a教育学
690    @aG647.32@v5
690    @aG40-01@v4
701  0 @a东方@9dong fang@4编著
701  0 @a岳龙@9yue long@4编著
801  0 @aCN@bTSSF@c20150128
905    @aZUCC@dG40-01@eJY9=2
    
    追问3+X/东方,岳龙编著.-2版.-福州:福建教育出版社,2001
    13,504页;21cm.-(教育新批评丛书)
    
    
    ISBN 7-5334-2994-X:CNY25.40
    本书主要介绍了面对“3+X”高考,学校、教师、学生、家长该做什么,怎样把握政策要求,命题原则,弄清利弊,作出正确选择等内容。
●
相关链接 在E读中查询图书 在五车中查询图书 在当当中查询图书 在豆瓣中查询图书


正题名:追问3+X     索取号:G40-01/JY9=2         预约/预借

序号 登录号 条形码 馆藏地/架位号 状态 备注
1 7859746   278597467   学院路分馆/ [索取号:G40-01/JY9=2] 在馆    
唐山师范学院图书馆 欢迎您!
大连网信软件有限公司© 版权所有